DreamWorks Animationsfilme erraten - Statistiken

Allgemein
  • Dieses Quiz wurde 219 mal gespielt
  • Das Durchschnittsergebnis liegt bei 13 aus 49
Antwortstatistiken
Jahr Film % Korrekt
2001 Shrek - Der tollkühne Held
83%
2004 Shrek 2 - Der tollkühne Held kehrt zurück
80%
2007 Shrek der Dritte
78%
2010 Für immer Shrek
70%
2010 Drachenzähmen leicht gemacht
68%
2008 Kung Fu Panda
66%
2011 Kung Fu Panda 2
63%
2016 Kung Fu Panda 3
63%
2011 Der gestiefelte Kater
61%
2014 Drachenzähmen leicht gemacht 2
61%
vsl. 2024 Kung Fu Panda 4
59%
2019 Drachenzähmen leicht gemacht 3: Die geheime Welt
58%
2005 Madagascar
53%
2008 Madagascar 2
47%
2012 Madagascar 3 - Flucht durch Europa
47%
2010 Megamind
31%
2006 Ab durch die Hecke
29%
2014 Die Pinguine aus Madagascar
28%
2007 Bee Movie - Der Honigkomplott
25%
1998 Antz
23%
2012 Die Hüter des Lichts
23%
2016 Trolls
22%
2004 Große Haie - kleine Fische
20%
2022 Der gestiefelte Kater: Der letzte Wunsch
18%
2017 The Boss Baby
17%
2021 Boss Baby – Schluss mit Kindergarten
15%
2006 Flutsch und weg
15%
2013 Turbo - Kleine Schnecke, großer Traum
15%
2002 Spirit - Der wilde Mustang
13%
2009 Monster vs. Aliens
11%
2013 Die Croods
10%
2022 Die Gangster Gang
10%
2015 Home - Ein smektakulärer Trip
10%
2000 Chicken Run - Hennen Rennen
9%
1998 Der Prinz von Ägypten
6%
2023 Ruby taucht ab
6%
2020 Trolls World Tour
6%
2000 Der Weg nach El Dorado
4%
2017 Captain Underpants – Der supertolle erste Film
3%
2003 Sinbad - Der Herr der sieben Meere
3%
2023 Trolls – Gemeinsam stark
3%
2019 Everest – Ein Yeti will hoch hinaus
2%
2014 Die Abenteuer von Mr. Peabody & Sherman
1%
vsl. 2024 Orion und das Dunkel
1%
2021 Die Croods – Alles auf Anfang
0%
2000 Joseph - König der Träume
0%
vsl. 2024 Megamind vs. the Doom Syndicate
0%
2021 Spirit – Frei und ungezähmt
0%
2021 Trolljäger: Das Erwachen der Titanen
0%
Keine übereinstimmenden Quizze gefunden
Verteilung der Resultate
Anzahl Personen mit jedem Resultat
Perzentil nach korrekt beantworteten Fragen
Ihre Resultats-Entwicklung
Sie haben dieses Quiz noch nicht gespielt